Expanzia ekologickej poľnohospodárskej výroby vo svete a trendy jej vývoja
Trendy vývoja a aktuálny stav v oblasti ekologickej poľnohospodárskej výroby vo svetovom meradle. Veličiny ktoré tento stav popisujú a význam trendu "Organic farming" vo svete. Komisie na podporu rozvoja (DAC) formalizované v Zozname prijímateľov oficiálnej vládnej rozvojovej pomoci (ODA). Medzináro...
Enregistré dans:
| Auteur principal: | |
|---|---|
| Format: | Chapitre de livre |
| Langue: | slovaque |
| Sujets: | |
| Tags: |
Pas de tags, Soyez le premier à ajouter un tag!
|
MARC
| LEADER | 00000nla$a2200000$$$4500 | ||
|---|---|---|---|
| 001 | 0110885 | ||
| 005 | 20221128083136.8 | ||
| 041 | 0 | |a slo | |
| 044 | |a SK | ||
| 245 | 1 | 0 | |a Expanzia ekologickej poľnohospodárskej výroby vo svete a trendy jej vývoja |c Jana Hrivňáková |
| 520 | |a Trendy vývoja a aktuálny stav v oblasti ekologickej poľnohospodárskej výroby vo svetovom meradle. Veličiny ktoré tento stav popisujú a význam trendu "Organic farming" vo svete. Komisie na podporu rozvoja (DAC) formalizované v Zozname prijímateľov oficiálnej vládnej rozvojovej pomoci (ODA). Medzinárodná organizácia prímorských oblastí (IMO). Rozvojové krajiny a program Organic Wild Collection. | ||
| 610 | 2 | 0 | |a pôda poľnohospodárska |
| 610 | 2 | 0 | |a výroba poľnohospodárska |
| 610 | 2 | 0 | |a farmy |
| 610 | 2 | 0 | |a plodiny poľnohospodárske |
| 610 | 2 | 0 | |a plodiny poľné |
| 610 | 2 | 0 | |a potraviny |
| 610 | 2 | 0 | |a bioprodukty |
| 610 | 2 | 0 | |a ekológia |
| 610 | 2 | 0 | |a svet |
| 100 | 1 | |a Hrivňáková, Jana | |